| 000 | 02240cam a22004454i 4500 | ||
|---|---|---|---|
| 003 | PE-LiUPU | ||
| 005 | 20250731172751.0 | ||
| 008 | 150617s1971 mx r 000 0 spa d | ||
| 035 | _a(Sirsi) a12476 | ||
| 040 |
_aPE-LiUPU _bspa _cPE-LiUPU _erda |
||
| 049 | _aPRUA | ||
| 082 | 0 | 4 |
_a233.1612 _bS61 _221 |
| 100 | 1 |
_aSmall, Dwight Hervey, _eautor. |
|
| 245 | 1 | 4 |
_aLas bases bíblicas para el bautismo de los infantes : _blos niños en las promesas del pacto de Dios / _cDwight Hervey Small. |
| 264 | 1 |
_aMexico : _bIndígena, _c1971. |
|
| 300 |
_a202 páginas ; _c21 centímetros |
||
| 336 |
_atext _2rdacontent |
||
| 337 |
_aunmediated _2rdamedia |
||
| 338 |
_avolume _2rdacarrier |
||
| 505 | 0 | _aLos decretos y pactos de Dios -- Provisión para los niños de los creyentes del pacto -- La paternidad como el vehículo del pecado y de la gracia -- La iglesia como la comunidad del pacto de Dios -- La naturaleza y lugar de los sacramentos -- Los sacramentos de la circuncisión y del bautismo comparados -- Fe y práctica del pacto del nuevo testamento -- Capacidad de los niños para recibir la gracia salvadora -- Aspectos prácticos para la iglesia y el pastor -- El bautismo bajo la ley y los profetas -- Juan el Bautista y Jesús -- Determinación de la forma cristiana del bautismo -- La extensión de la teología del Nuevo Testamento -- Purificación espiritual: El espíritu y la sangre de Cristo -- Casos de Bautismo cristiano en el Nuevo Testamento. | |
| 526 | _aSEG42 | ||
| 526 | _aSEG41 | ||
| 526 | _aSEG40 | ||
| 526 | _aSEG39 | ||
| 526 | _aP94 | ||
| 526 | _aP87 | ||
| 526 | _aP86 | ||
| 526 | _aP85 | ||
| 526 | _aP77 | ||
| 526 | _aP76 | ||
| 526 | _aP35 | ||
| 650 | 1 | 4 |
_aNiños _xBautismo. |
| 910 |
_ajck _bjvq _cjck _d20150616 |
||
| 942 |
_2ddc _cBOOK |
||
| 949 |
_a233.1612 S61 _wDEWEY _c1 _i21075 _lCCODEBUL1 _mBUL _p00.00 _r0 _sY _tBOOK _u19821020 _xTEOLOGIA _PP35 _0COMPRA _o.STAFF. Colección general |
||
| 994 |
_aC0 _bPEPRU |
||
| 596 | _a1 | ||
| 999 |
_a233.1612 S61 _wDEWEY _c2738 _i21075 _d2738 _e2017-10-30 _f2021-11-11 _g5 _lCCODEBUL1 _mBUL _n6 _p14.00 _q2 _r0 _sY _tBOOK _u2015-6-17 _xTEOLOGIA _PP35 _0COMPRA _o.STAFF. Colección Teología |
||
| 980 |
_81 _gALBERTO SANCHEZ Responsable de Automatización |
||